Ιστορία της φιλοσοφίας : 19ος - 20ος αιώνας. Η εξελικτική φιλοσοφία. Εθνικές φιλοσοφικές σχολές

Saved in:
Bibliographic Details
Format: Book
Language:Greek
Published: Αθήνα : Μορφωτικό ίδρυμα Εθνικής Τραπέζης, 1982
Edition:2η έκδ.
Subjects:
Tags: Add Tag
No Tags, Be the first to tag this record!

MARC

LEADER 00000cam a2200000 i 4500
001 1/63093
008 950328s1982 gr | ||| |||| ||gre||
035 |l 10029192 
040 |a GR-MY-UA  |b gre  |e aacr 
041 0 |a gre 
082 0 |a 190.9 
245 1 0 |a Ιστορία της φιλοσοφίας :  |b 19ος - 20ος αιώνας. Η εξελικτική φιλοσοφία. Εθνικές φιλοσοφικές σχολές 
250 |a 2η έκδ. 
260 |a Αθήνα :   |b Μορφωτικό ίδρυμα Εθνικής Τραπέζης,   |c 1982 
300 |a 334 σ. 
500 |a Encyclopedie de la pleiade 
650 0 0 |a Philosophy  |x History. 
650 0 0 |a Philosophy, Modern  |y 19th century. 
650 0 0 |a Philosophy, Modern  |y 20th century. 
852 |a INST  |b CHIOS  |e 19950328  |h 190.9 ΙΣΤ  |p 005200006699  |q 005200006699  |t BK  |y 0 
909 |a Χ  |b 003515 
909 |a Χ  |b 003518